Cyclisme: Top 30 des Championnats du Monde 2022 - Statistiques

Statistiques générales
  • Ce quiz a été pris 251 fois
  • Le résultat moyen est 12 sur 30
Statistiques - réponses
Pos Nation Coureur % Correct
4ème Belgique Wout Van Aert
93%
1er Belgique Remco Evenepoel
92%
2ème France Christophe Laporte
86%
19ème Slovénie Tadej Pogacar
79%
3ème Australie Michael Matthews
73%
7ème Slovaquie Peter Sagan
72%
24ème Kazakhstan Alexey Lutsenko
55%
22ème France Romain Bardet
53%
6ème Norvège Alexander Kristoff
52%
20ème Suisse Stefan Küng
52%
29ème France Valentin Madouas
51%
12ème Slovénie Jan Tratnik
42%
26ème France Benoît Cosnefroy
38%
21ème Luxembourg Kevin Geniets
37%
23ème Hongrie Attila Valter
36%
5ème Italie Matteo Trentin
36%
8ème Italie Alberto Bettiol
33%
9ème Royaume-Uni Ethan Hayter
32%
27ème Pays-Bas Dylan Van Baarle
31%
18ème Etats-Unis Neilson Powless
29%
10ème Danemark Mattias Skjelmose Jensen
22%
11ème Espagne Iván Garcia Cortina
20%
25ème Pays-Bas Bauke Mollema
18%
17ème Suisse Mauro Schmid
12%
16ème Norvège Rasmus Tiller
12%
30ème Slovénie Jan Polanc
11%
15ème Danemark Mikkel Honore
11%
13ème Italie Lorenzo Rota
8%
28ème Pays-Bas Pascal Eenkhoorn
8%
14ème Royaume-Uni Ben Tulett
5%
Aucun quiz correspondant
Distribution des résultats
% des personnes avec chaque résultat
Percentile par nombre de réponses
Votre historique - résultats
Vous n’avez pas pris ce quiz